<?xml version="1.0" encoding="UTF-8" ?>
<collection xmlns="http://www.loc.gov/MARC21/slim"><record><leader>01150nam a2200265   4500</leader><controlfield tag="001">68423</controlfield><controlfield tag="003">Zü176</controlfield><controlfield tag="005">20150728073055.0</controlfield><datafield tag="035" ind1=" " ind2=" "><subfield code="a">(OCoLC)1005859605</subfield></datafield><datafield tag="041" ind1="1" ind2="0"><subfield code="a">ger</subfield></datafield><datafield tag="041" ind1="1" ind2="0"><subfield code="a">eng</subfield></datafield><datafield tag="041" ind1="1" ind2="0"><subfield code="a">dan</subfield></datafield><datafield tag="245" ind1="0" ind2="4"><subfield code="a">Die Futuristen</subfield><subfield code="b">Umberto Boccioni, Carlo D. Carra, Luigi Russolo, Gino Severini</subfield><subfield code="c">künstlerische Leitung: Zeitschrift Der Sturm</subfield><subfield code="h">Ausstellungskatalog</subfield></datafield><datafield tag="250" ind1=" " ind2=" "><subfield code="a">7. und 8. Tsd.</subfield></datafield><datafield tag="260" ind1=" " ind2=" "><subfield code="a">Berlin</subfield><subfield code="b">Der Sturm</subfield><subfield code="c">[1914?]</subfield><subfield code="e">Berlin</subfield><subfield code="f">Carl Hause</subfield><subfield code="g">[1914?]</subfield></datafield><datafield tag="300" ind1=" " ind2=" "><subfield code="a">28 S.</subfield><subfield code="b">Ill.</subfield><subfield code="c">19,5 cm</subfield></datafield><datafield tag="500" ind1=" " ind2=" "><subfield code="a">Auf der vorderen Innenseite des Umschlags: &quot;Sämtliche Gemälde sind Privatbesitz und unverkäuflich&quot;</subfield></datafield><datafield tag="500" ind1=" " ind2=" "><subfield code="a">In der Zeitschrift &quot;Der Sturm&quot; wird die Ausstellung &quot;Die Futuristen&quot; 1914 für Orte im Ausland angekündigt</subfield></datafield><datafield tag="546" ind1=" " ind2=" "><subfield code="a">Text deutsch, englisch und dänisch, &quot;Manifest des Futurismus&quot; nur deutsch</subfield></datafield><datafield tag="600" ind1="1" ind2="7"><subfield code="a">Boccioni, Umberto</subfield><subfield code="d">1882-1916</subfield><subfield code="v">Ausstellung</subfield><subfield code="2">gnd</subfield></datafield><datafield tag="600" ind1="1" ind2="7"><subfield code="a">Carrà, Carlo</subfield><subfield code="d">1881-1966</subfield><subfield code="v">Ausstellung</subfield><subfield code="2">gnd</subfield></datafield><datafield tag="600" ind1="1" ind2="7"><subfield code="a">Russolo, Luigi</subfield><subfield code="d">1885-1947</subfield><subfield code="v">Ausstellung</subfield><subfield code="2">gnd</subfield></datafield><datafield tag="600" ind1="1" ind2="7"><subfield code="a">Severini, Gino</subfield><subfield code="d">1883-1966</subfield><subfield code="v">Ausstellung</subfield><subfield code="2">gnd</subfield></datafield><datafield tag="650" ind1="0" ind2="7"><subfield code="a">Futurismus</subfield><subfield code="x">Malerei</subfield><subfield code="2">gnd</subfield></datafield><datafield tag="852" ind1="4" ind2="0"><subfield code="a">CH-000273-5</subfield><subfield code="c">a3/B 56-13:1914</subfield></datafield></record></collection>